000 00339nam a2200157Ia 4500
003 OSt
005 20240311145329.0
008 170523s9999 xx 000 0 und d
020 _a 9788174732500
040 _ciimtu meerut
100 _aSINGH- SP
245 0 _aCORPORATE STRATEGY
260 _bAITBS
260 _c2004
942 _2ddc
_c02
999 _c1401
_d1401